Normal view
MARC view
Entry Topical Term
001 - CONTROL NUMBER
- control field: 28127
003 - CONTROL NUMBER IDENTIFIER
- control field: OSt
005 - DATE AND TIME OF LATEST TRANSACTION
- control field: 20230718152101.0
008 - FIXED-LENGTH DATA ELEMENTS
- fixed length control field: 230718|| aca||aabn | a|a d
040 ## - CATALOGING SOURCE
- Original cataloging agency: OSt
- Transcribing agency: OSt
150 ## - HEADING--TOPICAL TERM
- Topical term or geographic name entry element: ကြက်ခြေနီ။
670 ## - SOURCE DATA FOUND
- Source citation: Work cat.: (OSt): အောင်လှိုင်မြင့်၊ စိုင်း၊ (ကမ္ဘာ့ကြက်ခြေနီအမြင့်ဆုံး ဟင်နရီဒူးနန်ဘွဲ့ရ)။ 28126, သုံးဆယ့်တစ်ရက် နိုင်ငံခြားခရီး /, ၁၉၇၈။